[Event "ICS rated standard match"]
[Site "207.99.5.190"]
[Date "1999.03.07"]
[Round "?"]
[White "Speedtiger"]
[Black "Hossa"]
[Result "1-0"]
[WhiteElo "2493"]
[BlackElo "2202"]
[Annotator "Crafty v16.5"]
[PlyCount "88"]

{annotating for player Hossa using a scoring margin of +0.10 pawns. search
time limit is 20.00} 1. e4 1... c5 2. Nf3 Nf6 3. Nc3 Nc6 4. Bb5 Nd4 5. e5 Nxb5
6. Nxb5 Ne4 ({9:-1.20} 6... Ne4 7. O-O Qb6 8. Na3 h6 9. d3 Ng5 10. Bxg5 hxg5
11. b3 $16) ({9:-0.72} 6... Nd5 7. c4 Nb4 8. O-O a6 9. Nc3 d6 10. exd6 Qxd6 11.
Qe2 $16) 7. Na3 g5 ({9:-3.10} 7... g5 8. d3 g4 9. Ng1 Qa5+ 10. Kf1 Qa4 11. dxe4
Qxe4 12. Qe2 $18) ({9:-1.43} 7... c4 8. Nxc4 d5 9. exd6 Nxd6 10. Ne3 Nf5 11.
O-O Nxe3 12. fxe3 12... Bf5 $16) 8. d3 g4 9. Ng1 Qa5+ ({10:-3.16} 9... Qa5+ 10.
Kf1 Qb4 11. dxe4 Qxe4 12. Qe2 Qxe2+ 13. Kxe2 Bg7 14. Bf4 d6 15. exd6 15... Bxb2
$18) ({10:-2.82} 9... Nxf2 10. Kxf2 d6 11. Qe1 Bg7 12. exd6 Bd4+ 13. Kg3 Qxd6+
14. Bf4 Qf6 15. c3 $18) 10. Kf1 Qa4 ({9:-3.63} 10... Qa4 11. Qe2 Nxf2 12. Kxf2
Qd4+ 13. Qe3 Qxe3+ 14. Bxe3 Bg7 15. Bxc5 Bxe5 16. Nc4 $18) ({9:-3.43} 10... Qb4
11. Ne2 Qa4 12. b3 Qb4 13. dxe4 Qxe4 14. Bf4 14... Rg8 $18) 11. dxe4 Qxe4 12.
Nb5 Qc6 13. c4 a6 14. Nc3 Rg8 ({9:-3.92} 14... Rg8 15. Nd5 Rg6 16. Bf4 Bg7 17.
Qd3 d6 18. exd6 18... Bxb2 $18) ({9:-3.43} 14... d6 15. exd6 Be6 16. Qe2 Qxd6
17. Be3 O-O-O 18. Rd1 Qe5 19. Rxd8+ 19... Kxd8 $18) 15. Qd3 Qg6 ({9:-3.95} 
15... Qg6 16. Qe2 Qc6 17. Nd5 h6 18. Qe4 d6 19. exd6 Qxd6 20. Ne2 $18) ({
9:-3.70} 15... Rg6 16. Bf4 Bg7 17. Re1 a5 18. Nd5 d6 19. exd6 19... Bxb2 $18)
16. Qxg6 Rxg6 17. h3 gxh3 18. Nxh3 h6 19. Nf4 Rc6 20. Nfd5 Bg7 21. Bf4 b6 22.
Rd1 Bb7 23. e6 fxe6 24. Nc7+ Rxc7 25. Bxc7 b5 26. Bf4 Bc6 27. Bxh6 Bxc3 28.
bxc3 Kf7 29. Be3 Re8 30. Bxc5 bxc4 31. Rd4 d6 32. Bb4 e5 33. Rdh4 Rf8 34. f3 a5
35. Bxa5 Ra8 36. Rh7+ Ke6 37. R1h6+ Kd5 38. Bb4 Rd8 39. Rxe7 Bb5 40. Ree6 Kc6
41. Bxd6 Kb7 42. Bxe5 Rd5 43. Rb6+ Ka8 44. Bg3 Rd1+ 1-0

[Event "ICS rated standard match"]
[Site "207.99.5.190"]
[Date "1999.03.07"]
[Round "?"]
[White "Hossa"]
[Black "JustJake"]
[Result "1-0"]
[WhiteElo "2197"]
[BlackElo "1939"]
[PlyCount "39"]

1. e4 e6 2. d4 d5 3. Nc3 Bb4 4. exd5 exd5 5. Bd3 Nf6 6. Nge2 O-O 7. O-O Bg4 8.
Rb1 a6 9. Bg5 h6 10. Bxf6 Qxf6 11. Nxd5 Qd6 12. Nxb4 Qxb4 13. c3 Qd6 14. Qb3 b6
15. Rbe1 Nd7 16. Qb4 c5 17. dxc5 Qxd3 18. Qxg4 Nxc5 19. Ng3 Rae8 20. Nf5 {
JustJake resigns} 1-0

[Event "ICS rated standard match"]
[Site "207.99.5.190"]
[Date "1999.03.07"]
[Round "?"]
[White "Frodo1958"]
[Black "Hossa"]
[Result "1-0"]
[WhiteElo "2004"]
[BlackElo "2201"]
[Annotator "Crafty v16.5"]
[PlyCount "72"]

{annotating for player Hossa using a scoring margin of +0.10 pawns. search
time limit is 20.00} 1. d4 1... Nf6 2. c4 g6 3. Nc3 Bg7 4. e4 d6 5. Nf3 Bg4 6.
Be2 O-O 7. Bg5 Nbd7 8. h3 Bxf3 9. Bxf3 e5 ({9:-0.53} 9... e5 10. d5 Qe7 11. O-O
c6 12. Rc1 h6 13. Be3 13... Nb6 $14) ({9:-0.37} 9... c5 10. d5 Qb6 11. Qb3 Qxb3
12. axb3 e6 13. dxe6 fxe6 14. Nb5 Ne8 15. Rxa7 Rxa7 16. Nxa7 16... Bxb2 $14)
10. d5 Nb6 11. Be2 c6 12. Qd2 cxd5 13. cxd5 Rc8 14. O-O Nc4 15. Bxc4 Rxc4 16.
Qd3 Rd4 17. Qe2 Rb4 18. a3 Rb6 19. b4 Ra6 20. Rfc1 Qd7 21. a4 Rc8 22. a5 Qd8
23. Nb5 Kh8 24. Rxc8 Qxc8 25. Rc1 Qb8 26. Bxf6 Bxf6 27. Qg4 Qe8 28. Nc7 Qd8 29.
Nxa6 Qg8 30. Rc8 bxa6 31. Rxg8+ Kxg8 32. Qc8+ Kg7 33. Qxa6 h5 34. Qxa7 h4 35.
Qc7 Bg5 36. a6 Bf4 1-0

[Event "ICS rated bullet match"]
[Site "207.99.5.190"]
[Date "1999.03.07"]
[Round "?"]
[White "Hossa"]
[Black "bookbuilder"]
[Result "0-1"]
[WhiteElo "2348"]
[BlackElo "2584"]
[Annotator "Crafty v16.5"]
[PlyCount "74"]

{annotating for player Hossa using a scoring margin of +0.10 pawns. search
time limit is 20.00} 1. e4 1... e6 2. d4 Nc6 3. Nc3 Bb4 4. Nf3 Nf6 5. Bg5 ({
9:-0.14} 5. Bg5 5... h6 6. Bxf6 Bxc3+ 7. bxc3 Qxf6 8. Bd3 O-O 9. O-O Qf4 10.
Qe2 $10) ({9:+0.03} 5. Bd3 5... Bxc3+ 6. bxc3 Qe7 7. O-O O-O 8. Bf4 d6 9. e5
Nd5 10. exd6 10... cxd6 $10) 5... h6 6. Bxf6 Qxf6 7. g3 ({9:-0.58} 7. g3 7...
e5 8. d5 Nd4 9. Bg2 d6 10. Qd3 Bh3 11. Bxh3 11... Nxf3+ $15) ({9:-0.06} 7. Bb5
7... Bxc3+ 8. bxc3 b6 9. O-O O-O 10. Qd2 Bb7 11. Rae1 Rad8 12. Bc4 $10) 7...
O-O 8. a3 ({9:-0.70} 8. a3 8... Bxc3+ 9. bxc3 e5 10. Bg2 exd4 11. Nxd4 b6 12.
O-O Ba6 13. Re1 13... Bc4 $15) ({9:-0.36} 8. Bg2 8... b6 9. Qd3 e5 10. Nxe5
Nxe5 11. dxe5 Qxe5 12. O-O Bxc3 13. bxc3 $15) 8... Bxc3+ 9. bxc3 d5 10. Bd3
dxe4 11. Bxe4 e5 12. O-O exd4 13. cxd4 Bg4 14. c3 ({9:-0.49} 14. c3 14... Rfe8
15. Bd5 Rad8 16. Bxc6 bxc6 17. Kg2 c5 18. Rc1 cxd4 19. cxd4 $15) ({9:-0.18} 14.
Qd3 14... Bxf3 15. Bxf3 Rad8 16. c3 Ne5 17. dxe5 Rxd3 18. exf6 18... Rxf3 $10)
14... Rfe8 15. Bxc6 ({10:-1.56} 15. Bxc6 15... Qxc6 16. Kg2 Qxc3 17. Rc1 Qxa3
18. Rxc7 Rab8 19. Rc5 a5 20. Rc7 $19) ({10:-1.29} 15. Bd5 15... Rad8 16. Bxc6
Qxc6 17. Ne5 Rxe5 18. Qxg4 Rg5 19. Qf4 Qxc3 20. Rac1 $17) 15... Qxc6 16. Kg2
Qxc3 17. Rc1 Qxa3 18. Rxc7 Rab8 19. Rh1 a5 20. Rf1 Qd6 21. Rc3 b5 22. Re1 Rxe1
23. Qxe1 Qd5 24. Re3 b4 25. Qc1 b3 26. Qc7 Rb4 27. Qc1 Bxf3+ 28. Rxf3 b2 29.
Qc8+ Kh7 30. Qc2+ g6 31. Qb1 Rb3 32. Kh3 Qh5+ 33. Kg2 Qxf3+ 34. Kf1 Qh1+ 35.
Ke2 Qxb1 36. f4 Qc2+ 37. Ke1 b1=Q# 0-1

[Event "ICS rated bullet match"]
[Site "207.99.5.190"]
[Date "1999.03.07"]
[Round "?"]
[White "Tim"]
[Black "Hossa"]
[Result "0-1"]
[WhiteElo "2239"]
[BlackElo "2341"]
[PlyCount "32"]

1. d4 Nf6 2. Nc3 d5 3. e4 Nxe4 4. f3 Nxc3 5. bxc3 e6 6. Bd3 Be7 7. Bf4 Bg5 8.
Qd2 Bxf4 9. Qxf4 c5 10. Qg3 O-O 11. Nh3 Qa5 12. O-O Nc6 13. Bxh7+ Kxh7 14. Qh4+
Kg8 15. Ng5 Re8 16. Qh8+ 16... Kxh8 {Tim resigns} 0-1

[Event "ICS rated bullet match"]
[Site "207.99.5.190"]
[Date "1999.03.07"]
[Round "?"]
[White "Hossa"]
[Black "Speedy"]
[Result "1-0"]
[WhiteElo "2363"]
[BlackElo "2214"]
[PlyCount "23"]

1. e4 c5 2. Bc4 a6 3. Nc3 b5 4. Bxf7+ Kxf7 5. Qh5+ g6 6. Qd5+ e6 7. Qxa8 Nc6 8.
Nf3 Qc7 9. d3 h6 10. Bf4 d6 11. e5 dxe5 12. Qxc6 {Speedy resigns} 1-0

[Event "ICS rated bullet match"]
[Site "207.99.5.190"]
[Date "1999.03.07"]
[Round "?"]
[White "Hossa"]
[Black "Speedy"]
[Result "0-1"]
[WhiteElo "2373"]
[BlackElo "2204"]
[Annotator "Crafty v16.5"]
[PlyCount "120"]

{annotating for player Hossa using a scoring margin of +0.10 pawns. search
time limit is 20.00} 1. e4 1... c5 2. Bc4 a6 3. Nc3 b5 4. Bxf7+ Kxf7 5. Qh5+ g6
6. Qd5+ e6 7. Qxa8 Nc6 8. Nf3 Qc7 9. d3 b4 10. Ne2 Be7 11. Bf4 d6 12. e5 ({
8:-1.67} 12. e5 12... d5 13. Bh6 Nxh6 14. O-O-O Nxe5 15. Nxe5+ Qxe5 16. Ng3
16... Nf5 $19) ({8:+0.43} 12. Ng5+ $14) 12... d5 13. Ng5+ ({9:-2.10} 13. Ng5+
13... Bxg5 14. Bxg5 Bb7 15. Bd8 Qd7 16. Bf6 Bxa8 17. Bxh8 Qc7 18. f4 $19) ({
9:-1.67} 13. Bh6 13... Nxh6 14. O-O-O Nxe5 15. Nxe5+ Qxe5 16. Rd2 Bd7 17. Qb7
Bb5 18. f4 $19) 13... Bxg5 14. Bxg5 Nge7 15. Bxe7 Kxe7 16. c4 d4 17. f4 Rf8 18.
f5 gxf5 19. a3 Bb7 20. Qxf8+ Kxf8 21. O-O a5 22. Nf4 Kf7 23. axb4 Nxb4 24. Rf2
Qxe5 25. Rxa5 Qe1+ 26. Rf1 Qe3+ 27. Rf2 Kf6 28. Rb5 Bc8 29. Rxc5 Bd7 30. Rc7
Be8 31. Rxh7 Nxd3 32. Nxd3 Qxd3 33. b3 Qxb3 34. Rh8 Bc6 35. Rh6+ Ke7 36. h3
Qxc4 37. Rh7+ Kd6 38. Kh2 Bd5 39. Rg7 d3 40. Rg3 Be4 41. Rg8 Qc3 42. Ra2 Ke5
43. Re8 Bd5 44. Rf2 d2 45. Rf1 Qc2 46. Rg8 d1=Q 47. Rxd1 Qxd1 48. Re8 Qf1 49.
Rg8 Qf2 50. Rg7 f4 51. Rg5+ Ke4 52. Rg4 Ke3 53. Rg6 f3 54. Rg3 Ke2 55. h4 fxg2
56. Kh3 Qxg3+ 57. Kxg3 g1=Q+ 58. Kh3 Bf3 59. h5 Qg2+ 60. Kh4 Qg4# 0-1

[Event "ICS rated bullet match"]
[Site "207.99.5.190"]
[Date "1999.03.07"]
[Round "?"]
[White "Hossa"]
[Black "Speedy"]
[Result "1-0"]
[WhiteElo "2350"]
[BlackElo "2227"]
[PlyCount "39"]

1. e4 c5 2. Bc4 a6 3. Nc3 b5 4. Bxf7+ Kxf7 5. Qh5+ g6 6. Qd5+ e6 7. Qxa8 Nc6 8.
Nf3 Qc7 9. d3 b4 10. Ne2 h6 11. O-O Bb7 12. Ne5+ Nxe5 13. Qa7 Nc6 14. Bf4 d6
15. Qxc5 dxc5 16. Bxc7 Nf6 17. Rae1 e5 18. f4 exf4 19. Rxf4 Kg7 20. Ref1 {
Speedy resigns} 1-0

[Event "ICS rated bullet match"]
[Site "207.99.5.190"]
[Date "1999.03.07"]
[Round "?"]
[White "Hossa"]
[Black "Speedy"]
[Result "1-0"]
[WhiteElo "2361"]
[BlackElo "2216"]
[PlyCount "35"]

1. e4 c5 2. Bc4 a6 3. Nc3 b5 4. Bxf7+ Kxf7 5. Qh5+ g6 6. Qd5+ e6 7. Qxa8 Nc6 8.
Nf3 Qc7 9. d3 b4 10. Ne2 h6 11. O-O Bb7 12. Ne5+ Nxe5 13. Qa7 Nc6 14. Bf4 e5
15. Bxe5 Nxe5 16. Nf4 Nf6 17. Nd5 g5 18. Nxc7 {Speedy resigns} 1-0

[Event "ICS rated bullet match"]
[Site "207.99.5.190"]
[Date "1999.03.07"]
[Round "?"]
[White "Hossa"]
[Black "Speedy"]
[Result "0-1"]
[WhiteElo "2371"]
[BlackElo "2206"]
[Annotator "Crafty v16.5"]
[PlyCount "53"]

{annotating for player Hossa using a scoring margin of +0.10 pawns. search
time limit is 20.00} 1. e4 1... c5 2. Bc4 a6 3. Nc3 b5 4. Bxf7+ Kxf7 5. Qh5+ g6
6. Qd5+ e6 7. Qxa8 Nc6 8. Nf3 Qc7 9. d3 b4 10. Ne2 h6 11. O-O ({9:-2.22} 11.
O-O 11... Bb7 12. Bf4 d6 13. Qxf8+ Kxf8 14. d4 cxd4 15. Nexd4 Kf7 16. Nxc6 Bxc6
17. Rae1 $19) ({9:-0.06} 11. Bf4 11... d6 12. e5 Bb7 13. exd6 Qb6 14. Qxf8+
Kxf8 15. O-O-O Nd4 16. Nexd4 16... cxd4 $10) 11... Bb7 12. Ne5+ Nxe5 13. Qa7
Nc6 14. Bf4 e5 15. Bxe5 Nxe5 16. Nf4 Nf6 17. Nd5 Nxd5 18. exd5 Bd6 19. f4 Ng4
20. h3 Nf6 21. a3 Ra8 22. Qxa8 Bxa8 23. axb4 cxb4 24. f5 g5 25. c4 bxc3 26.
bxc3 Qxc3 27. Rxa6 0-1

[Event "ICS rated bullet match"]
[Site "207.99.5.190"]
[Date "1999.03.07"]
[Round "?"]
[White "Hossa"]
[Black "Speedy"]
[Result "1-0"]
[WhiteElo "2348"]
[BlackElo "2229"]
[PlyCount "22"]

1. e4 c5 2. Bc4 a6 3. Nc3 b5 4. Bxf7+ Kxf7 5. Qh5+ g6 6. Qd5+ e6 7. Qxa8 Nc6 8.
Nf3 Qc7 9. d3 Bb7 10. Bf4 Qb6 11. Ng5+ 11... Ke7 {Speedy resigns} 1-0

[Event "ICS rated standard match"]
[Site "207.99.5.190"]
[Date "1999.03.07"]
[Round "?"]
[White "Hossa"]
[Black "Eagle-1"]
[Result "0-1"]
[WhiteElo "2188"]
[BlackElo "2156"]
[Annotator "Crafty v16.5"]
[PlyCount "62"]

{annotating for player Hossa using a scoring margin of +0.10 pawns. search
time limit is 20.00} 1. e4 1... Nf6 2. e5 Nd5 3. Nc3 e6 4. Nxd5 exd5 5. Qf3 c6
6. Qg3 d6 7. d4 dxe5 8. dxe5 Bf5 9. Bg5 Qb6 10. O-O-O Bc5 11. Bh4 O-O 12. Bd3
Bxd3 13. Rxd3 Nd7 14. Bf6 Nxf6 15. exf6 g6 16. Qh4 Rfe8 17. Nh3 Re2 18. Rf1
Rae8 19. Ng5 h5 20. Rfd1 Bxf2 21. g3 Qc5 22. Rc3 Re1 23. Rxe1 Rxe1+ 24. Kd2 Qb5
25. Rd3 Qxb2 26. a4 Qc1+ 27. Kc3 Qa1+ 28. Kb4 Rb1+ 29. Rb3 b6 30. Rxb1 Bc5+ 31.
Kb3 Qa3# 0-1

[Event "ICS rated bullet match"]
[Site "207.99.5.190"]
[Date "1999.03.07"]
[Round "?"]
[White "Monopoly"]
[Black "Hossa"]
[Result "1-0"]
[WhiteElo "2740"]
[BlackElo "2378"]
[Annotator "Crafty v16.5"]
[PlyCount "87"]

{annotating for player Hossa using a scoring margin of +0.10 pawns. search
time limit is 20.00} 1. e4 1... e5 2. Nf3 Nc6 3. Bb5 a6 4. Ba4 Bc5 ({10:-0.40} 
4... Bc5 5. O-O Nf6 6. d3 b5 7. Bb3 O-O 8. Nc3 Bb7 9. Bg5 $14) ({10:-0.27} 4...
b5 5. Bb3 Bc5 6. d3 Nf6 7. O-O O-O 8. Nc3 Bb7 9. Bg5 $10) 5. c3 Nf6 6. d4 exd4
7. e5 Qe7 ({8:-0.61} 7... Qe7 8. O-O Nd5 9. cxd4 Bb4 10. Bg5 f6 11. Bb3 $14) ({
8:-0.09} 7... Nd5 8. Bb3 Nce7 9. Bg5 h6 10. Bxd5 hxg5 11. cxd4 Nxd5 12. dxc5
$10) 8. cxd4 Bb4+ 9. Nc3 Ne4 10. Qd3 Nxc3 ({8:-0.53} 10... Nxc3 11. bxc3 Ba5
12. O-O O-O 13. Bc2 g6 14. Bg5 14... Qe6 $14) ({8:-0.21} 10... d5 11. Bd2 Bf5
12. Nxe4 Bxe4 13. Bxc6+ bxc6 14. Bxb4 Qxb4+ 15. Qd2 15... c5 $10) 11. bxc3 Ba3
12. Bxa3 Qxa3 13. Bc2 Ne7 14. O-O Qa5 ({9:-0.64} 14... Qa5 15. Ng5 h6 16. Nh7
d6 17. exd6 Bf5 18. Qe3 18... cxd6 $14) ({9:-0.52} 14... Ng6 15. Qc4 c6 16.
Bxg6 hxg6 17. Ng5 O-O 18. f4 d5 19. Qd3 $14) 15. Ng5 Ng6 ({9:-0.97} 15... Ng6
16. Qf3 O-O 17. Bb3 Nh8 18. Qf5 g6 19. Qh3 h6 20. Qxh6 20... Qxc3 $16) ({
9:-0.84} 15... h6 16. Ne4 Ng6 17. f4 O-O 18. f5 Ne7 19. f6 19... gxf6 $16) 16.
Qf3 O-O 17. Bb3 Nh8 18. Qf5 g6 19. Qh3 h5 20. Qe3 d6 21. e6 Bxe6 22. Nxe6 fxe6
23. Bxe6+ Kh7 24. Rab1 b6 25. Rfe1 Rae8 26. Qd3 c6 27. Re2 c5 28. dxc5 dxc5 29.
Qd7+ Kh6 30. Qd6 Rb8 31. Qg3 Rfe8 32. Qf4+ Kh7 33. Qc7+ Kh6 34. Rb3 Rbd8 35. h3
Rb8 36. Bc4 Rec8 37. Qf4+ g5 38. Qd6+ Ng6 39. Bf7 Rg8 40. Re6 Rgd8 41. Rxg6+
Kh7 42. Rh6+ Kg7 43. Qf6+ Kf8 44. Rh8# 1-0

[Event "ICS rated standard match"]
[Site "207.99.5.190"]
[Date "1999.03.07"]
[Round "?"]
[White "Nothing"]
[Black "Hossa"]
[Result "0-1"]
[WhiteElo "1961"]
[BlackElo "2190"]
[PlyCount "80"]

1. e4 c5 2. d4 cxd4 3. c3 dxc3 4. Nxc3 Nc6 5. Nf3 b6 6. Bc4 Bb7 7. O-O Rc8 8.
Qe2 Na5 9. Bd3 Nf6 10. Bf4 g6 11. Rac1 Bg7 12. Nb5 Nc6 13. Rfd1 O-O 14. Bb1 d6
15. h3 Qd7 16. e5 Nh5 17. Bh2 Bh6 18. Rc4 Nxe5 19. Nxe5 Qxb5 20. Bd3 Qe8 21.
Ng4 Bg7 22. Rxc8 Bxc8 23. Rc1 Qd8 24. Qc2 Be6 25. b3 Qd7 26. Ba6 Bxg4 27. hxg4
Qxg4 28. Qc7 Qg5 29. Rc4 Qd2 30. Rc2 Qd1+ 31. Bf1 Nf6 32. Rc1 Nd5 33. Qc6 Qd2
34. Rc2 Qg5 35. Rc4 a5 36. a4 Qh5 37. Rc1 Bd4 38. Bc4 Nb4 39. Qd7 Bxf2+ 40.
Kxf2 40... Qxh2 {Nothing resigns} 0-1

[Event "ICS Rated standard match"]
[Site "207.99.5.190"]
[Date "1999.03.07"]
[Round "?"]
[White "Esen"]
[Black "Hossa"]
[Result "0-1"]
[WhiteElo "1992"]
[BlackElo "2193"]
[PlyCount "114"]

1. d4 Nf6 2. Nf3 e6 3. Bg5 Bb4+ 4. c3 Be7 5. Bxf6 Bxf6 6. e3 b6 7. g3 O-O 8.
Bg2 Ba6 9. Ne5 d5 10. Nd3 Nd7 11. O-O Rc8 12. Re1 c5 13. dxc5 Bxd3 14. Qxd3
Nxc5 15. Qd1 Qc7 16. Na3 Qe7 17. Nc2 Na4 18. Rb1 Nxb2 19. Rxb2 Bxc3 20. Rb1
Bxe1 21. Nxe1 Rc4 22. Bf1 Rc3 23. Rc1 Rfc8 24. Rxc3 Rxc3 25. Qd2 Qc7 26. Bd3
Rc1 27. Kg2 Qc5 28. Nc2 Rb1 29. Nd4 Qc1 30. Qxc1 Rxc1 31. a4 e5 32. Ne2 Rd1 33.
Bb5 d4 34. exd4 exd4 35. Nf4 g5 36. Nd3 Kg7 37. Kf3 f5 38. Kg2 Kf6 39. h3 Rd2
40. Kf1 Rc2 41. Kg2 h6 42. h4 g4 43. Kf1 Rc8 44. Ke2 Rc3 45. Kd2 Ke6 46. Nf4+
Ke5 47. Nd3+ Ke4 48. Ba6 Kd5 49. Bb5 Kd6 50. Nf4 Rb3 51. Nd3 Ra3 52. Nb4 f4 53.
gxf4 Rf3 54. Nd3 Rh3 55. f5 Rxh4 56. Nf4 Rh2 57. Ke2 57... Ke5 {Esen resigns}
0-1

[Event "ICS rated standard match"]
[Site "207.99.5.190"]
[Date "1999.03.07"]
[Round "?"]
[White "Hossa"]
[Black "DrunkQueen"]
[Result "0-1"]
[WhiteElo "2201"]
[BlackElo "2466"]
[Annotator "Crafty v16.5"]
[PlyCount "88"]

{annotating for player Hossa using a scoring margin of +0.10 pawns. search
time limit is 20.00} 1. e4 1... e5 2. Nf3 Nc6 3. Bb5 a6 4. Ba4 ({9:-0.10} 4.
Ba4 4... Bc5 5. Bxc6 dxc6 6. Nc3 Bg4 7. Na4 Bb4 8. O-O Bxf3 9. Qxf3 Bxd2 10.
Bxd2 10... Qxd2 $10) ({9:+0.14} 4. Bxc6 4... dxc6 5. Nc3 Bg4 6. h3 Bxf3 7. Qxf3
Nh6 8. d3 Qf6 9. Qxf6 9... gxf6 $10) 4... Nf6 5. O-O Be7 6. Bxc6 dxc6 7. Nxe5
Nxe4 8. Re1 Qd4 9. Qf3 Qxe5 10. Rxe4 Qf5 11. Qe2 Be6 12. d3 O-O 13. Nc3 Rfe8
14. Bf4 Bd6 15. Bxd6 cxd6 16. Qe3 Qa5 17. Re1 d5 18. Re5 Qb4 19. Nd1 d4 20. Qf4
Qd6 21. Qh4 f6 22. R5e4 Qd7 23. Qh5 f5 24. Rh4 g6 25. Qh6 Bxa2 26. Rf1 Be6 27.
c3 dxc3 28. bxc3 a5 29. Rh3 a4 30. f4 b5 31. Kh1 Qg7 32. Qxg7+ Kxg7 33. Ne3 a3
34. d4 a2 35. Ra1 Ra3 36. Nd1 Bc4 37. Ne3 Rb3 38. Rd1 Rb1 39. g4 a1=Q 40. Rxb1
Qxb1+ 41. Kg2 Qb2+ 42. Kg1 Ra8 43. Rf3 Ra2 44. Nxc4 Qg2# 0-1

[Event "ICS Rated standard match"]
[Site "207.99.5.190"]
[Date "1999.03.07"]
[Round "?"]
[White "Kind-Bishop"]
[Black "Hossa"]
[Result "0-1"]
[WhiteElo "1957"]
[BlackElo "2197"]
[PlyCount "44"]

1. e4 c5 2. Nf3 Nc6 3. d4 cxd4 4. Nxd4 Qa5+ 5. c3 Nf6 6. Bd3 Nxd4 7. O-O Nc6 8.
b4 Nxb4 9. cxb4 Qe5 10. Qb3 Nxe4 11. Re1 Qxa1 12. Bb2 Nd2 13. Bxa1 Nxb3 14.
axb3 f6 15. Nd2 e6 16. Bc3 d5 17. b5 Bd6 18. b4 O-O 19. Nb3 Rf7 20. Nc5 Rc7 21.
Bd4 e5 22. Ne6 22... Bxe6 {Kind-Bishop resigns} 0-1

[Event "ICS Rated standard match"]
[Site "207.99.5.190"]
[Date "1999.03.07"]
[Round "?"]
[White "Hossa"]
[Black "Amagedon"]
[Result "1-0"]
[WhiteElo "2203"]
[BlackElo "1953"]
[PlyCount "69"]

1. e4 c6 2. Nc3 d5 3. exd5 cxd5 4. Nf3 Bg4 5. Be2 Bxf3 6. Bxf3 e6 7. O-O Bd6 8.
Re1 Ne7 9. Nb5 O-O 10. d3 Nbc6 11. Nxd6 Qxd6 12. c3 Rfe8 13. Qd2 Rad8 14. Qg5
e5 15. a3 Qg6 16. Qxg6 Nxg6 17. Bg5 f6 18. Bc1 Re7 19. Bg4 d4 20. c4 Rde8 21.
Bf5 Nf4 22. Bd2 g6 23. Be4 f5 24. Bd5+ Kg7 25. Bxf4 exf4 26. Rxe7+ Rxe7 27. Kf1
Rd7 28. Bxc6 bxc6 29. Re1 Kf6 30. b4 Rb7 31. Re8 a5 32. Rc8 axb4 33. Rxc6+ Kf7
34. axb4 Rxb4 35. Rd6 {Amagedon resigns} 1-0

[Event "ICS rated standard match"]
[Site "207.99.5.190"]
[Date "1999.03.08"]
[Round "?"]
[White "Blazzer"]
[Black "Hossa"]
[Result "1-0"]
[WhiteElo "1937"]
[BlackElo "2209"]
[Annotator "Crafty v16.5"]
[PlyCount "120"]

{annotating for player Hossa using a scoring margin of +0.10 pawns. search
time limit is 20.00} 1. e4 1... c5 2. c3 e5 3. d3 Nc6 4. Be2 Be7 ({10:-0.36} 
4... Be7 5. c4 d6 6. Nc3 f5 7. Bh5+ g6 8. Bf3 Nf6 9. Nge2 9... Rf8 $14) ({
10:+0.00} 4... d5 5. exd5 Qxd5 6. Bf3 Qd6 7. Na3 Be6 8. Bg5 Nge7 9. Nc4 9...
Qc7 $10) 5. f4 exf4 6. Bxf4 Nf6 ({8:-0.28} 6... Nf6 7. Nd2 Rg8 8. Ngf3 Nh5 9.
Be3 Bh4+ 10. Nxh4 Qxh4+ 11. Bf2 $10) ({8:-0.04} 6... d5 7. exd5 Qxd5 8. Bf3
Bh4+ 9. g3 Qe6+ 10. Ne2 Bf6 11. Rf1 11... Nge7 $10) 7. Nf3 Qb6 ({9:-0.18} 7...
Qb6 8. Qc2 d5 9. Na3 c4 10. exd5 Bxa3 11. dxc6 cxd3 12. Bxd3 Qxb2 13. Qxb2 Bxb2
14. cxb7 14... Bxb7 $10) ({9:-0.02} 7... d5 8. Nbd2 dxe4 9. dxe4 Nh5 10. Be3
Bg4 11. O-O O-O 12. Bc4 $10) 8. Qc2 d5 9. Nbd2 Bg4 10. O-O-O O-O ({8:-0.31} 
10... O-O 11. Rhf1 Rae8 12. h3 Bd7 13. Kb1 Qb5 14. c4 dxc4 15. dxc4 $14) ({
8:-0.05} 10... Qa6 11. Kb1 dxe4 12. Nxe4 Be6 13. c4 Nb4 14. Qb3 14... O-O-O $10
) 11. Kb1 Rfe8 12. Rhe1 Rad8 13. h3 Bd7 14. g4 dxe4 15. dxe4 Na5 16. Ne5 Be6
17. g5 Nd7 18. Ndc4 Nxc4 19. Nxc4 Qa6 20. b3 Bxc4 21. Bxc4 b5 22. Bd5 Nf8 23.
c4 bxc4 24. Qxc4 Qxc4 25. Bxc4 Ne6 26. Bxe6 fxe6 27. Kc2 Rd4 28. h4 Red8 29.
Be5 Rxd1 30. Rxd1 Rxd1 31. Kxd1 Kf7 32. Bb8 Kg6 33. Bxa7 Kh5 34. a4 Kxh4 35. g6
h6 36. a5 Bd6 37. a6 Kg4 38. b4 cxb4 39. Bd4 Bb8 40. Bxg7 Kg5 41. Be5 Bxe5 42.
a7 Kxg6 43. a8=Q Bc3 44. Qg8+ Kf6 45. Qh8+ Kg5 46. e5 Kf5 47. Qf6+ Ke4 48. Qxe6
h5 49. Qd6 Bxe5 50. Qxb4+ Kd5 51. Qh4 Kc5 52. Qxh5 Kd4 53. Ke2 Bc7 54. Qg4+ Kc5
55. Ke3 Be5 56. Qg5 Kb5 57. Qxe5+ Kc6 58. Kd4 Kd7 59. Qf6 Kc7 60. Kc5 Kd7 1-0

[Event "ICS rated standard match"]
[Site "207.99.5.190"]
[Date "1999.03.08"]
[Round "?"]
[White "Hossa"]
[Black "steve-wpb"]
[Result "1-0"]
[WhiteElo "2183"]
[BlackElo "2034"]
[PlyCount "35"]

1. e4 c5 2. Bc4 e6 3. Nc3 Nc6 4. Nf3 d6 5. O-O Be7 6. d4 cxd4 7. Nxd4 Nf6 8.
Be3 O-O 9. Nxc6 bxc6 10. Qe2 Qc7 11. Rad1 Rb8 12. Bb3 Re8 13. Bg5 e5 14. Qd3
Be6 15. Bxf6 gxf6 16. Bxe6 fxe6 17. b3 f5 18. exf5 {steve-wpb resigns} 1-0

[Event "ICS rated standard match"]
[Site "207.99.5.190"]
[Date "1999.03.08"]
[Round "?"]
[White "Strake"]
[Black "Hossa"]
[Result "0-1"]
[WhiteElo "2018"]
[BlackElo "2202"]
[PlyCount "64"]

1. e4 c5 2. Nc3 Nc6 3. f4 d6 4. Nf3 g6 5. Bc4 Bg7 6. f5 gxf5 7. exf5 Bxf5 8. d3
Qa5 9. Bd2 Bg6 10. O-O O-O-O 11. a3 Qb6 12. Nd5 Qxb2 13. Rb1 Qxa3 14. Qc1 Qxc1
15. Rfxc1 e6 16. Bc3 Nd4 17. Bxd4 Bxd4+ 18. Kh1 exd5 19. Bxd5 Rd7 20. Nxd4 cxd4
21. Rb4 Ne7 22. Bf3 Nf5 23. Rcb1 d5 24. Rb5 Ne3 25. R1b2 Rc7 26. h4 Nxc2 27.
Bxd5 b6 28. Bf3 Bxd3 29. Bg4+ Kd8 30. Rd5+ Ke7 31. Rb3 Bc4 32. Re5+ 32... Kd6 {
Strake resigns} 0-1

[Event "ICS rated standard match"]
[Site "207.99.5.190"]
[Date "1999.03.08"]
[Round "?"]
[White "Hossa"]
[Black "Blue-Knight"]
[Result "1-0"]
[WhiteElo "2207"]
[BlackElo "2149"]
[PlyCount "61"]

1. e4 e5 2. Nf3 f5 3. Nxe5 Qf6 4. Nc4 fxe4 5. Ne3 c6 6. Be2 d5 7. O-O Bd6 8.
Ng4 Bxg4 9. Bxg4 Ne7 10. d4 O-O 11. Nc3 Ng6 12. Be3 Na6 13. Rc1 Rae8 14. Be2
Nc7 15. Bg4 Ne6 16. Bxe6+ Rxe6 17. Qh5 h6 18. Ne2 Kh7 19. c4 Ne7 20. cxd5 Nxd5
21. Nc3 Nf4 22. Qg4 Qf7 23. Bxf4 Bxf4 24. Rce1 e3 25. Kh1 Rg6 26. Qd1 exf2 27.
Rxf2 Rf6 28. Ne4 Rf5 29. Ref1 Qe7 30. Qb1 Kh8 31. g3 {Blue-Knight resigns} 1-0

[Event "ICS Rated standard match"]
[Site "207.99.5.190"]
[Date "1999.03.08"]
[Round "?"]
[White "AlaMort"]
[Black "Hossa"]
[Result "0-1"]
[WhiteElo "1941"]
[BlackElo "2220"]
[PlyCount "121"]

1. e4 c5 2. Nf3 Nc6 3. d3 Nf6 4. g3 e5 5. Bg2 Be7 6. O-O O-O 7. Nbd2 d5 8. exd5
Nxd5 9. Nc4 Bf6 10. a4 Bg4 11. h3 Bxf3 12. Qxf3 Ndb4 13. Qd1 b6 14. c3 Nd5 15.
Qf3 Nde7 16. g4 Bh4 17. g5 Rc8 18. Re1 f6 19. Qg4 fxg5 20. Be3 Kh8 21. Be4 Nd5
22. Re2 Nf6 23. Qf5 Nxe4 24. Qxe4 Rf6 25. Rae1 Qd7 26. Kg2 Re8 27. Rg1 Ref8 28.
Rf1 Rf3 29. Qg4 Qxd3 30. Rd2 Qf5 31. Qxf5 R3xf5 32. Rd6 R8f6 33. Rfd1 Kg8 34.
Rxf6 Rxf6 35. Nd6 h6 36. Ne4 Rf7 37. Rd6 Rc7 38. Kf3 Kf7 39. Kg4 g6 40. Kf3 Na5
41. Rf6+ Kg7 42. Re6 Nc6 43. Ke2 Ne7 44. Rxe5 Rd7 45. Bc1 Kf7 46. Nd2 Nf5 47.
Kf3 Re7 48. Nc4 Rxe5 49. Nxe5+ Kf6 50. Nc6 a5 51. Na7 Nd6 52. Nc6 Ke6 53. b3
Nc8 54. Be3 Kd6 55. Nd8 g4+ 56. Kxg4 Bxd8 57. Bxh6 Ke6 58. Bg5 Bxg5 59. Kxg5
Ne7 60. Kh6 Kf6 61. f4 {AlaMort resigns} 0-1